000 00217nam a22000857a 4500
008 170216b xxu||||| |||| 00| 0 eng d
100 _92888
_aVashishata.R.N et al
245 _aEnlish Core-XII
260 _aNew Delhi
_bLP
_c2012
999 _c6117
_d6117